Statistics for The Weapons they Carried

Click here to take the quiz!

General Stats

  • This quiz has been taken 38,626 times
  • The average score is 15 of 20

Answer Stats

Description Used By … Weapon % Correct
Bashing weaponThorHammer
97%
Returns to its throwerAustraliansBoomerang
92%
Lumberjack's toolGimliAxe
91%
Laser swordDarth VaderLightsaber
88%
Has three prongsPoseidonTrident
85%
Leather weapon that can
cause a sonic boom
Indiana JonesWhip
83%
Stabbing weapon
at the end of a rifle
SoldiersBayonet
82%
Rock-throwing deviceDavidSling
81%
Crop-reaping toolGrim ReaperScythe
77%
Hay throwing toolAngry mobsPitchfork
76%
Jousting weaponKnightsLance
74%
Pointy stickAchillesSpear
74%
Two sticks connected
by a chain
MichelangeloNunchaku
73%
Pointy vampire-killing stickBuffyStake
69%
Lumberjack's toolLeatherfaceChainsaw
63%
Japanese swordLeonardoKatana
63%
Star Wars gunStorm TroopersBlaster
54%
Decisive factor at
Agincourt
The EnglishLongbow
51%
Can be set to "stun"Captain KirkPhaser
51%
Armored gloveDuelistsGauntlet
40%

Score Distribution

Percentile by Number Answered

Percent of People with Each Score

Your Score History

You have not taken this quiz